TV Show Sets Quiz Stats

 Plays Quiz Updated May 14, 2015

Also try: 20 Sitcom Women
Challenge
Share
Tweet
Score 0/21 Timer 05:00
1 Play Today
% Correct
The Simpsons
96%
Friends
94.2%
Star Trek: The Next Generation
91.7%
Game of Thrones
89.6%
The Big Bang Theory
87%
Cheers
86.5%
Futurama
83.1%
M*A*S*H
79.9%
Breaking Bad
78.2%
Downton Abbey
76.1%
Frasier
59.2%
% Correct
Desperate Housewives
59.1%
How I Met Your Mother
50.1%
2 Broke Girls
49.1%
Mad Men
42.8%
Ugly Betty
40.9%
Grey's Anatomy
39.7%
Doctor Who
35.2%
The Sopranos
34.5%
Battlestar Galactica
30.4%
Will & Grace
21.5%

You're not logged in!

Compare scores with friends on all Sporcle quizzes.
Join for Free
OR
Log In

You Might Also Like...

Show Comments

Extras

Top Quizzes Today


Score Distribution

Your Account Isn't Verified!

In order to create a playlist on Sporcle, you need to verify the email address you used during registration. Go to your Sporcle Settings to finish the process.

Report this User

Report this user for behavior that violates our Community Guidelines.

Details: